Mark Wahlberg Movies Quiz Stats

 Plays Quiz Updated Jan 1, 2021

     
Support Sporcle.
Go Orange.
Score 0/48 Timer 08:00
1 Play Today
Year Movie % Correct
2006The Departed
74.3%
2015Ted 2
70.1%
2012Ted
69.3%
2017Daddy's Home 2
65.9%
2007Shooter
61.9%
1997Boogie Nights
56.9%
2015Daddy's Home
56.7%
2005Four Brothers
55.2%
2014Transformers: Age of Extinction
53.1%
2017Transformers: The Last Knight
52.6%
2006Invincible
51.3%
2003The Italian Job
44.7%
2016Patriots Day
41.2%
2013Pain and Gain
40.8%
2015Entourage
40.4%
2008Max Payne
39.3%
2013Lone Survivor
38.9%
2020Spenser Confidential
35.3%
2008The Happening
35.1%
2012Contraband
34.7%
1996Fear
33.8%
2010The Fighter
32.7%
2010The Other Guys
31.5%
2000The Perfect Storm
30.8%
Year Movie % Correct
1999Three Kings
30.6%
2016Deepwater Horizon
29.9%
2018Instant Family
29.6%
2001Planet of the Apes
29.3%
2001Rock Star
29.2%
20132 Guns
27.5%
2014The Gambler
27.3%
2007We Own the Night
25.7%
2018Mile 22
24.5%
1995The Basketball Diaries
22%
2013Broken City
21.6%
2020Scoob!
20.7%
2017All the Money in the World
20.4%
2010Date Night
17.4%
2004I Heart Huckabees
15.1%
1998The Big Hit
14.6%
2009The Lovely Bones
13.8%
1994Renaissance Man
13.2%
2002The Truth About Charlie
11.1%
2015Mojave
10.5%
2020Joe Bell
10.4%
2000The Yards
9.3%
1999The Corruptor
7.1%
1997Traveller
5.6%

From the Vault

Circle Geometry

by Derek

The answers on this quiz just keep going round and round.
Remove Ads.
Support Sporcle.
Get the best of Sporcle when you Go Orange. This ad-free experience offers more features, more stats, and more fun while also helping to support Sporcle. Thank you for becoming a member.

Show Comments

Extras

Top Quizzes Today


Score Distribution

Your Account Isn't Verified!

In order to create a playlist on Sporcle, you need to verify the email address you used during registration. Go to your Sporcle Settings to finish the process.

Report this User

Report this user for behavior that violates our Community Guidelines.

Details: